000 00357pam a2200157a 44500
008 230515b1995 xxu||||| |||| 00| 0 eng d
020 _aNULL
041 _aENG
082 _a618.2
100 _aDAWN C S
245 _aTEXT BOOK OF OBSTETRICS & NEONATOLOGY
250 _a0
260 _aNULL
_b"DAWNS BOOK, ND,"
_c1995
300 _a528
650 _aN.D.
999 _c520463
_d520463